[Event "40th Olympiad Women"]
[Site "Istanbul TUR"]
[Date "2012.08.31"]
[Round "4.7"]
[Board "3"]
[White "Goletiani, Rusudan"]
[Black "Krivec, Jana"]
[Result "0-1"]
[WhiteTitle "IM"]
[BlackTitle "WGM"]
[WhiteElo "2341"]
[BlackElo "2240"]
[WhiteTeam "United States of America"]
[BlackTeam "Slovenia"]
[WhiteFideId "13601105"]
[BlackFideId "14601982"]
[EventDate "2012.08.28"]

1. c4 e5 2. Nc3 Nf6 3. Nf3 Nc6 4. e3 Bb4 5. Nd5 e4 6. Ng1 O-O 7. a3 Bd6 8. Qc2
Re8 9. d3 exd3 10. Bxd3 h6 11. Bd2 Ne5 12. Be2 Nxd5 13. cxd5 Qg5 14. g3 Qg6 15.
e4 Ng4 16. Bxg4 Rxe4+ 17. Kf1 Re1+ 18. Rxe1 Qxc2 19. Re8+ Kh7 20. Bc3 b6 21. Ne2
Qd1+ 22. Kg2 Qxd5+ 23. Bf3 Qxf3+ 24. Kxf3 Bb7+ 25. Kg4 Rxe8 26. Re1 Bc5 27. Nc1
Rxe1 28. Bxe1 Bd4 29. b4 Bb2 30. Nd3 Bxa3 31. Kf4 d5 32. Ke5 c5 33. Kd6 Ba6 34.
Ne5 cxb4 35. Ke7 b3+ 36. Kxf7 b2 0-1

[Event "40th Olympiad Women"]
[Site "Istanbul TUR"]
[Date "2012.08.31"]
[Round "4.7"]
[Board "4"]
[White "Srebrnic, Ana"]
[Black "Abrahamyan, Tatev"]
[Result "1/2-1/2"]
[WhiteTitle "WGM"]
[BlackTitle "WGM"]
[WhiteElo "2211"]
[BlackElo "2303"]
[WhiteTeam "Slovenia"]
[BlackTeam "United States of America"]
[WhiteFideId "14603314"]
[BlackFideId "13301918"]
[EventDate "2012.08.28"]

1. Nf3 Nf6 2. c4 g6 3. Nc3 Bg7 4. e4 d6 5. d4 O-O 6. Be2 Bg4 7. Ng1 Bxe2 8.
Ngxe2 Nfd7 9. Be3 c5 10. O-O cxd4 11. Nxd4 Nc6 12. Rc1 a6 13. b3 Rb8 14. f3 Nxd4
15. Bxd4 b5 16. Bxg7 Kxg7 17. Qd4+ Kg8 18. cxb5 axb5 19. Nd5 e6 20. Nb4 Qb6 21.
Rfd1 f5 22. Rc6 Qxd4+ 23. Rxd4 fxe4 24. Rxe4 Nc5 25. Rd4 Nb7 26. Rb6 Rf7 27.
Rdxd6 Nxd6 28. Rxb8+ Kg7 29. h3 Rd7 30. Rb6 Kf6 31. Nc6 Nf5 32. f4 Rd2 33. Ne5
Nd4 34. a4 bxa4 35. bxa4 Ne2+ 36. Kf1 Nxf4 37. Ng4+ Kf5 38. Rb5+ Nd5 39. Ne3+
Ke4 40. Nxd5 exd5 41. Rb7 Ra2 42. Rxh7 d4 43. Rg7 d3 44. Ke1 Rxg2 45. a5 d2+ 46.
Kd1 Kd3 47. Rd7+ Kc3 48. Rc7+ Kd3 49. Rd7+ 1/2-1/2

[Event "40th Olympiad Women"]
[Site "Istanbul TUR"]
[Date "2012.08.31"]
[Round "4.8"]
[Board "1"]
[White "Reizniece-Ozola, Dana"]
[Black "Ziaziulkina, Nastassia"]
[Result "1-0"]
[WhiteTitle "WGM"]
[BlackTitle "WGM"]
[WhiteElo "2251"]
[BlackElo "2342"]
[WhiteTeam "Latvia"]
[BlackTeam "Belarus"]
[WhiteFideId "11601124"]
[BlackFideId "13505211"]
[EventDate "2012.08.28"]

1. e4 c5 2. Nf3 d6 3. d4 cxd4 4. Nxd4 Nf6 5. Nc3 a6 6. h3 e5 7. Nde2 h5 8. Bg5
Be6 9. Ng3 Nbd7 10. Be2 g6 11. Qd2 Be7 12. O-O-O Qa5 13. a3 Rc8 14. h4 b5 15.
Kb1 Qc7 16. f4 exf4 17. Qxf4 Nh7 18. Bxe7 Kxe7 19. Bxh5 Nhf6 20. Be2 Qc5 21. Qg5
Rh7 22. Rd5 Bxd5 23. Nxd5+ Kf8 24. Nxf6 Nxf6 25. Qxf6 Qxc2+ 26. Ka1 Qd2 27. Rd1
Rc1+ 28. Rxc1 Qxc1+ 29. Ka2 Qc5 30. h5 Qe5 31. Qxe5 dxe5 32. hxg6 fxg6 33. Kb3
Rd7 34. Nf1 Rd4 35. Bf3 Ke7 36. Ng3 Kd6 37. Ne2 Rc4 38. Nc3 Kc5 39. a4 Rb4+ 40.
Ka3 Rd4 41. axb5 axb5 42. Kb3 Rd2 43. Nd5 Rd4 44. Kc3 b4+ 45. Kb3 Rd3+ 46. Kc2
Rd4 47. Ne7 Rd6 48. Nd5 Ra6 49. Be2 Ra7 50. Bf3 Ra6 51. Ne3 Re6 52. Ng4 Kc4 53.
Ne3+ Kd4 54. Nd5 Kc4 55. Be2+ Kc5 56. Kb3 Rd6 57. Nc7 Rb6 58. Bc4 Rb7 59. Ne6+
Kd6 60. Bd5 Rb8 61. g4 Rb5 62. Nf8 Kc5 63. Nxg6 Kd4 64. g5 Rc5 65. Ne7 Rc7 66.
Nf5+ 1-0

[Event "40th Olympiad Women"]
[Site "Istanbul TUR"]
[Date "2012.08.31"]
[Round "4.8"]
[Board "2"]
[White "Sharevich, Anna"]
[Black "Rogule, Laura"]
[Result "0-1"]
[WhiteTitle "WGM"]
[BlackTitle "WGM"]
[WhiteElo "2261"]
[BlackElo "2315"]
[WhiteTeam "Belarus"]
[BlackTeam "Latvia"]
[WhiteFideId "13503189"]
[BlackFideId "11601876"]
[EventDate "2012.08.28"]

1. d4 d5 2. c4 e6 3. Nf3 Nf6 4. g3 dxc4 5. Bg2 Nc6 6. O-O Rb8 7. e3 b5 8. b3
cxb3 9. axb3 Bb7 10. Bb2 Be7 11. Qe2 O-O 12. e4 Nb4 13. Nc3 c5 14. Rfd1 Qb6 15.
e5 Nd7 16. Ne4 Bd5 17. dxc5 Qb7 18. Nd6 Bxd6 19. cxd6 Rfc8 20. Rd2 Nc5 21. Qe3
Ra8 22. Ra3 Ne4 23. Rxd5 exd5 24. Nd4 Nc2 25. Nxc2 Rxc2 26. Qd4 Rd2 27. Qe3 Rxb2
28. f3 Nd2 29. e6 fxe6 30. Qxe6+ Qf7 31. Qe5 Rb1+ 32. Kf2 Re8 0-1

[Event "40th Olympiad Women"]
[Site "Istanbul TUR"]
[Date "2012.08.31"]
[Round "4.8"]
[Board "3"]
[White "Skinke, Katrina"]
[Black "Stetsko, Lanita"]
[Result "0-1"]
[WhiteTitle "WIM"]
[BlackTitle "FM"]
[WhiteElo "2226"]
[BlackElo "2130"]
[WhiteTeam "Latvia"]
[BlackTeam "Belarus"]
[WhiteFideId "11602260"]
[BlackFideId "13505300"]
[EventDate "2012.08.28"]

1. e4 e5 2. Nf3 Nc6 3. d4 exd4 4. Nxd4 Bc5 5. Be3 Qf6 6. c3 Nge7 7. Bc4 O-O 8.
O-O b6 9. f4 d5 10. e5 Qh6 11. Be2 Nxe5 12. Qd2 Nc4 13. Bxc4 dxc4 14. Na3 Bxd4
15. Bxd4 Qc6 16. Qe2 Nf5 17. Rad1 Re8 18. Qf2 Bb7 19. Rd2 Re6 20. Nc2 Rae8 21.
Re1 Rxe1+ 22. Nxe1 Qe4 23. Be5 f6 24. Re2 Qc6 25. Bd4 Rxe2 26. Qxe2 Qe4 27. Qxe4
Bxe4 28. Bf2 Kf7 29. Kf1 Ke6 30. Ke2 c5 31. Nf3 Bxf3+ 32. Kxf3 Kd5 33. g4 Nd6
34. f5 Nf7 35. Bg3 Ne5+ 36. Bxe5 Kxe5 37. Ke3 b5 38. a3 Kd5 39. Kf4 b4 40. h4
bxc3 41. bxc3 h6 42. a4 Kc6 43. Ke4 Kd6 44. Kf4 Kc7 45. Ke4 Kc6 46. a5 Kd6 47.
Kf4 Kc7 48. Ke3 Kb7 49. Ke4 Kc6 50. h5 Kd6 51. Kf4 Kc7 52. Ke4 Kc6 53. a6 Kd6
54. Kf4 Kc7 55. Ke4 Kc6 56. Ke3 Kb6 57. Ke4 Kxa6 58. Kd5 Kb5 59. Ke6 a5 60. Kf7
a4 61. Kxg7 a3 62. Kxh6 a2 63. Kg7 a1=Q 64. h6 Qc1 65. h7 Qg5+ 66. Kf7 Qh4 67.
Kg7 Qxg4+ 68. Kf7 Qh5+ 69. Kg7 Ka4 70. h8=Q Qxh8+ 71. Kxh8 Kb3 72. Kg7 Kxc3 73.
Kxf6 Kb2 74. Ke5 c3 75. f6 c2 76. f7 c1=Q 77. f8=Q Qe3+ 78. Kd5 Qb3+ 79. Ke4 c4
80. Qf6+ c3 81. Qd4 Qc2+ 82. Ke3 Qc1+ 83. Ke2 Kb1 84. Qd5 Qb2+ 85. Ke1 c2 86.
Qd3 Qb4+ 0-1

[Event "40th Olympiad Women"]
[Site "Istanbul TUR"]
[Date "2012.08.31"]
[Round "4.8"]
[Board "4"]
[White "Revo, Tatiana"]
[Black "Erneste, Inguna"]
[Result "0-1"]
[BlackTitle "WGM"]
[WhiteElo "2058"]
[BlackElo "2203"]
[WhiteTeam "Belarus"]
[BlackTeam "Latvia"]
[WhiteFideId "13506480"]
[BlackFideId "11600241"]
[EventDate "2012.08.28"]

1. e4 e5 2. Nf3 Nc6 3. d4 exd4 4. Nxd4 Nf6 5. Nxc6 bxc6 6. e5 Nd5 7. c4 Ne7 8.
Bg5 d6 9. Nc3 dxe5 10. Qf3 Bd7 11. O-O-O Qc8 12. Qe3 f6 13. Bd3 Nf5 14. Bxf5
Bxf5 15. Bh4 Be7 16. Rhe1 O-O 17. f4 Bd6 18. Bg3 Re8 19. Qf2 e4 20. c5 Bf8 21.
Qd4 Qe6 22. Bf2 Bg6 23. Qd7 Rac8 24. g4 f5 25. gxf5 Bxf5 26. Qxe6+ Rxe6 27. b4
g6 28. Re3 Bh6 29. Bg3 Rf8 30. Ne2 Re7 31. Bh4 Ree8 32. Re1 Rf7 33. Bg3 Bg4 34.
Nd4 Bxf4 0-1

[Event "40th Olympiad Women"]
[Site "Istanbul TUR"]
[Date "2012.08.31"]
[Round "4.9"]
[Board "2"]
[White "Lanchava, Tea"]
[Black "Muzychuk, Mariya"]
[Result "0-1"]
[WhiteTitle "IM"]
[BlackTitle "IM"]
[WhiteElo "2351"]
[BlackElo "2466"]
[WhiteTeam "Netherlands"]
[BlackTeam "Ukraine"]
[WhiteFideId "1005308"]
[BlackFideId "14114550"]
[EventDate "2012.08.28"]

1. g3 d5 2. Bg2 c6 3. b3 e5 4. Bb2 Bd6 5. e3 Nf6 6. d3 O-O 7. Nd2 a5 8. a3 Na6
9. Ngf3 Qe7 10. O-O b5 11. Qe2 Bd7 12. e4 d4 13. Nh4 g6 14. Rfe1 Nc7 15. f4 Ng4
16. fxe5 Bxe5 17. Ndf3 c5 18. Nxe5 Nxe5 19. Bc1 f6 20. Qf2 Ne6 21. Nf3 Ng5 22.
Qf1 a4 23. h4 Ngxf3+ 24. Bxf3 Be6 25. Rb1 Qd7 26. Bg2 axb3 27. cxb3 c4 28. dxc4
bxc4 29. Bh6 c3 30. Bxf8 Rxf8 31. Qf2 d3 32. Rf1 c2 33. Rb2 d2 34. Rxc2 d1=Q 35.
Rxd1 Qxd1+ 36. Bf1 Nf3+ 37. Kh1 Bh3 0-1

[Event "40th Olympiad Women"]
[Site "Istanbul TUR"]
[Date "2012.08.31"]
[Round "4.9"]
[Board "3"]
[White "Zhukova, Natalia"]
[Black "Haast, Anne"]
[Result "1/2-1/2"]
[WhiteTitle "GM"]
[BlackTitle "WIM"]
[WhiteElo "2442"]
[BlackElo "2235"]
[WhiteTeam "Ukraine"]
[BlackTeam "Netherlands"]
[WhiteFideId "14101513"]
[BlackFideId "1017292"]
[EventDate "2012.08.28"]

1. d4 Nf6 2. Nf3 d5 3. c4 dxc4 4. e3 Bg4 5. Bxc4 e6 6. h3 Bh5 7. Nbd2 Nbd7 8.
Qb3 Nb6 9. Bd3 Be7 10. Ne5 Nfd7 11. Ndf3 Nxe5 12. Nxe5 O-O 13. O-O Rc8 14. Be4
c6 15. a4 Nd7 16. Nxd7 Qxd7 17. a5 Bf6 18. Bd2 c5 19. Bxb7 Rb8 20. a6 Be2 21.
Bc3 cxd4 22. Bb4 Bxf1 23. Rxf1 Be7 24. Bxe7 Qxe7 25. exd4 Qd6 26. Qc4 Rfd8 27.
Rd1 Qb6 28. b4 Rd6 29. d5 exd5 30. Bxd5 Rf6 31. Rd4 Qxa6 32. Bxf7+ Kh8 33. Qc7
Rf8 34. Qe7 Qc8 35. Bc4 Re8 36. Qxa7 h6 37. Rg4 Re1+ 38. Kh2 Qf8 39. f3 Re7 40.
Qc5 Qb8+ 41. Kg1 Rd6 42. f4 Rd1+ 43. Kh2 Re4 44. Qb5 Qc7 45. Bd3 Rxf4 46. Rg3
Rf8 47. Qa6 Rd8 48. Be2 Re1 49. Qe6 Qc1 50. Re3 Rh1+ 51. Kg3 Qe1+ 52. Kg4 Qxb4+
53. Re4 Qd2 54. Qg6 Qd7+ 55. Kh4 Rf8 56. Qe6 Qd2 57. Qe7 Qe1+ 58. Kg4 Qf2 59.
Bf3 Rb8 60. Rf4 Rf1 61. Rf8+ Rxf8 62. Qxf8+ Kh7 63. Qf5+ Kh8 64. Qf8+ 1/2-1/2

[Event "40th Olympiad Women"]
[Site "Istanbul TUR"]
[Date "2012.08.31"]
[Round "4.9"]
[Board "4"]
[White "Van Weersel, Arlette"]
[Black "Gaponenko, Inna"]
[Result "1/2-1/2"]
[WhiteTitle "WIM"]
[BlackTitle "IM"]
[WhiteElo "2151"]
[BlackElo "2404"]
[WhiteTeam "Netherlands"]
[BlackTeam "Ukraine"]
[WhiteFideId "1009877"]
[BlackFideId "14101181"]
[EventDate "2012.08.28"]

1. e4 c5 2. c4 Nc6 3. Ne2 Nf6 4. Nbc3 e6 5. d4 d5 6. cxd5 exd5 7. Bg5 Be7 8.
exd5 Nxd5 9. Bxe7 Ncxe7 10. dxc5 O-O 11. Qd4 Be6 12. Nxd5 Nxd5 13. Qd2 Re8 14.
Ng3 Nf6 15. Bb5 Qxd2+ 16. Kxd2 Red8+ 17. Kc2 Rac8 18. Rad1 Rxc5+ 19. Kb1 Rdc8
20. Bd3 g6 21. Ne4 Nxe4 22. Bxe4 R8c7 23. b3 a5 24. Rc1 a4 25. Rxc5 Rxc5 26.
Bxb7 axb3 27. axb3 Bxb3 28. Kb2 Rb5 29. Bc6 Rb6 30. Kc3 Rxc6+ 31. Kxb3 h5 32.
Re1 Kg7 33. Kb2 g5 34. Rc1 Re6 35. Kc3 Re2 36. Rf1 f5 37. Kd3 Ra2 38. h3 Kf6 39.
Kd4 g4 40. hxg4 fxg4 41. g3 Kf5 42. Ke3 Ra3+ 43. Ke2 Ra2+ 44. Ke3 Ra3+ 45. Ke2
h4 46. gxh4 Kg6 47. f3 Ra2+ 48. Ke3 gxf3 49. Rxf3 Kh5 50. Rf4 Rh2 51. Kf3 Rxh4
52. Rxh4+ Kxh4 1/2-1/2

[Event "40th Olympiad Women"]
[Site "Istanbul TUR"]
[Date "2012.08.31"]
[Round "4.10"]
[Board "1"]
[White "Nakhbayeva, Guliskhan"]
[Black "Dembo, Yelena"]
[Result "1/2-1/2"]
[WhiteTitle "WIM"]
[BlackTitle "IM"]
[WhiteElo "2291"]
[BlackElo "2457"]
[WhiteTeam "Kazakhstan"]
[BlackTeam "Greece"]
[WhiteFideId "13704788"]
[BlackFideId "723916"]
[EventDate "2012.08.28"]

1. d4 Nf6 2. c4 g6 3. Nc3 Bg7 4. e4 d6 5. h3 O-O 6. Bg5 Na6 7. Bd3 e5 8. d5 Qe8
9. g4 Nd7 10. a3 f5 11. b4 Nf6 12. f3 c5 13. dxc6 bxc6 14. Nge2 Nc7 15. gxf5
gxf5 16. exf5 d5 17. Qd2 e4 18. fxe4 dxe4 19. Bc2 Bxf5 20. O-O-O Ne6 21. Ng3 Bg6
22. Bh6 Rd8 23. Qe3 Bxh6 24. Qxh6 Nd4 25. Qe3 Nxc2 26. Kxc2 Rd3 27. Qg5 h6 28.
Qh4 Qe5 29. Rxd3 exd3+ 30. Kb3 d2 31. Nge2 Qe3 1/2-1/2

[Event "40th Olympiad Women"]
[Site "Istanbul TUR"]
[Date "2012.08.31"]
[Round "4.10"]
[Board "2"]
[White "Botsari, Anna-Maria"]
[Black "Sergeyeva, Mariya"]
[Result "1-0"]
[WhiteTitle "WGM"]
[BlackTitle "WGM"]
[WhiteElo "2336"]
[BlackElo "2346"]
[WhiteTeam "Greece"]
[BlackTeam "Kazakhstan"]
[WhiteFideId "4200446"]
[BlackFideId "13701037"]
[EventDate "2012.08.28"]

1. d4 Nf6 2. g3 g6 3. Bg2 Bg7 4. Nf3 O-O 5. O-O d6 6. c4 Nbd7 7. Nc3 e5 8. e4
exd4 9. Nxd4 Nc5 10. h3 Re8 11. Re1 a5 12. Rb1 c6 13. Nc2 a4 14. Bf4 Bf8 15. b4
axb3 16. axb3 Nh5 17. Be3 f5 18. exf5 Bxf5 19. g4 Bg7 20. Qd2 Nd3 21. gxf5 Nxe1
22. Nxe1 Qf6 23. Rc1 Qxf5 24. b4 Be5 25. Nd3 Ra3 26. Nxe5 dxe5 27. Ne4 Nf4 28.
Nd6 Rd8 29. Nxf5 Rxd2 30. Bxd2 Ne2+ 31. Kh2 Nxc1 32. Bxc1 Rc3 33. Bd2 Rc2 34.
Nh6+ Kg7 35. Be3 Rxc4 36. b5 cxb5 37. Bxb7 b4 38. Bd5 Rc3 39. Ng4 b3 40. Bh6+
Kh8 41. Nxe5 b2 42. Nf7+ Kg8 43. Nd6+ Kh8 44. Ne8 Rc7 45. Ba2 Re7 46. Bg7+ 1-0

[Event "40th Olympiad Women"]
[Site "Istanbul TUR"]
[Date "2012.08.31"]
[Round "4.10"]
[Board "4"]
[White "Fakhiridou, Ekaterini"]
[Black "Davletbayeva, Madina"]
[Result "0-1"]
[WhiteTitle "WIM"]
[BlackTitle "WIM"]
[WhiteElo "2215"]
[BlackElo "2165"]
[WhiteTeam "Greece"]
[BlackTeam "Kazakhstan"]
[WhiteFideId "4202848"]
[BlackFideId "13703595"]
[EventDate "2012.08.28"]

1. e4 e5 2. Nf3 Nc6 3. Nc3 Nf6 4. g3 d5 5. exd5 Nxd5 6. Bg2 Nde7 7. d3 Nf5 8.
O-O Be7 9. Re1 f6 10. Ne4 O-O 11. c3 Be6 12. Qc2 Qd7 13. g4 Nh6 14. g5 f5 15.
Nf6+ gxf6 16. gxh6 Kh8 17. Re2 Rg8 18. Ne1 f4 19. f3 Rg6 20. d4 Rag8 21. dxe5
fxe5 22. b4 Bh4 23. b5 Nd4 24. cxd4 Qxd4+ 25. Kh1 Qxa1 26. Bb2 Rxg2 27. Bxe5+
Qxe5 28. Nxg2 Qa1+ 29. Ne1 Bxe1 0-1

[Event "40th Olympiad Women"]
[Site "Istanbul TUR"]
[Date "2012.08.31"]
[Round "4.11"]
[Board "2"]
[White "Videnova, Iva"]
[Black "Gevorgyan, Irina"]
[Result "1/2-1/2"]
[WhiteTitle "WGM"]
[BlackTitle "WFM"]
[WhiteElo "2317"]
[BlackElo "2178"]
[WhiteTeam "Bulgaria"]
[BlackTeam "Uzbekistan"]
[WhiteFideId "2907763"]
[BlackFideId "14201437"]
[EventDate "2012.08.28"]

1. e4 c5 2. Nf3 e6 3. d4 cxd4 4. Nxd4 a6 5. Bd3 Nf6 6. O-O Qc7 7. Qe2 d6 8. c4
g6 9. Rd1 Bg7 10. Nf3 Nc6 11. Nc3 O-O 12. Bc2 Ng4 13. Bf4 Nge5 14. Bb3 b6 15.
Rd2 Bb7 16. Rad1 Rfd8 17. Bg5 Rd7 18. Ba4 Nxf3+ 19. gxf3 Rc8 20. f4 f6 21. Bh4
Rdd8 22. f5 gxf5 23. exf5 Ne5 24. fxe6 Nf3+ 25. Kf1 Nxh2+ 26. Kg1 Nf3+ 27. Kf1
Nh2+ 28. Kg1 Nf3+ 29. Kf1 Nh2+ 30. Kg1 Nf3+ 1/2-1/2

[Event "40th Olympiad Women"]
[Site "Istanbul TUR"]
[Date "2012.08.31"]
[Round "4.11"]
[Board "3"]
[White "Tohirjonova, Hulkar"]
[Black "Nikolova, Adriana"]
[Result "0-1"]
[WhiteTitle "WFM"]
[BlackTitle "WGM"]
[WhiteElo "2147"]
[BlackElo "2299"]
[WhiteTeam "Uzbekistan"]
[BlackTeam "Bulgaria"]
[WhiteFideId "14202247"]
[BlackFideId "2908689"]
[EventDate "2012.08.28"]

1. e4 c5 2. Nf3 Nc6 3. d4 cxd4 4. Nxd4 Nf6 5. Nc3 d6 6. Bg5 e6 7. Qd2 a6 8.
O-O-O h6 9. Bxf6 Qxf6 10. g3 Bd7 11. Nb3 Qd8 12. f4 Na5 13. Bg2 Nxb3+ 14. cxb3
Qa5 15. Kb1 O-O-O 16. Qd4 Qc5 17. Qd3 Kb8 18. Rc1 Qb6 19. Rhd1 Be7 20. g4 Bc6
21. Rc2 Rc8 22. h3 Rhd8 23. Rcd2 Rc7 24. Qg3 g5 25. f5 Rcd7 26. Bf1 Rc7 27. Bc4
Bd7 28. e5 d5 29. Bxd5 Bc8 30. fxe6 fxe6 31. Bc4 Rcd7 32. Rxd7 Rxd7 33. Rxd7
Bxd7 34. a3 Qd4 35. Ka2 b5 36. Bf1 Bc6 37. Qh2 Bd8 38. Qe2 Bc7 39. Bg2 Bxg2 40.
Qxg2 Qxe5 41. Qc6 Qd6 42. Qe8+ Kb7 43. Ne4 Qc6 44. Qxe6 Qxe6 45. Nc5+ Kc6 46.
Nxe6 Bd6 47. Kb1 Kd5 48. Ng7 Bf8 49. Nh5 Ke4 50. Kc2 Bd6 51. Nf6+ Kf3 52. Kd3
Be5 53. Ng8 Bg7 54. a4 Kg3 55. Ke4 Kxh3 56. Kf5 Kh4 57. Ne7 Bxb2 58. Ng6+ Kg3
59. Ne7 Kf3 60. Nd5 Bd4 61. axb5 axb5 62. Nc7 b4 63. Nd5 Bc3 64. Ne7 Ke3 65. Ng8
Kd3 66. Nxh6 Kc2 67. Kxg5 Kxb3 68. Nf5 Ka3 69. Nd6 b3 70. Nb5+ Kb4 71. Nxc3 Kxc3
72. Kh6 b2 73. g5 b1=Q 74. g6 Qh1+ 75. Kg7 Kd4 76. Kf7 Qd5+ 77. Kf8 Qf5+ 78. Kg7
Ke5 79. Kh8 Kf6 0-1

[Event "40th Olympiad Women"]
[Site "Istanbul TUR"]
[Date "2012.08.31"]
[Round "4.11"]
[Board "4"]
[White "Raeva, Elitsa"]
[Black "Nadirjanova, Nodira"]
[Result "1/2-1/2"]
[WhiteTitle "WIM"]
[WhiteElo "2313"]
[BlackElo "2185"]
[WhiteTeam "Bulgaria"]
[BlackTeam "Uzbekistan"]
[WhiteFideId "2906660"]
[BlackFideId "14201232"]
[EventDate "2012.08.28"]

1. d4 d5 2. Nf3 Nf6 3. c4 dxc4 4. e3 e6 5. Bxc4 c5 6. O-O a6 7. Bb3 Nc6 8. Nc3
Be7 9. Qe2 cxd4 10. Rd1 O-O 11. Nxd4 Nxd4 12. exd4 Re8 13. Qf3 h6 14. d5 e5 15.
d6 Bxd6 16. Ne4 Nxe4 17. Bxf7+ Kh8 18. Qxe4 Rf8 19. Qg6 Qe7 20. Rxd6 Rxf7 21.
Rb6 Bf5 22. Qh5 Kg8 23. Be3 Rc8 24. h3 Rf6 25. Rxf6 Qxf6 26. Rd1 Kh7 27. Qf3 Rc6
28. Kh2 Bg6 29. Qxf6 Rxf6 30. Rd7 Rf7 31. Rd5 Re7 32. Bc5 Bf7 33. Rd8 Re8 34.
Rd7 Bxa2 35. Rxb7 Bc4 36. Bb4 Kg8 37. Bc3 Bf7 38. Rb6 Re6 39. Rb8+ Kh7 40. Rb7
Kg8 41. Rc7 Re8 42. Kg3 Bh5 43. Rc5 Be2 44. Bxe5 Re7 45. f4 Kf7 46. f5 g6 47.
fxg6+ Kxg6 48. Rc6+ Kf5 49. Bc3 Re6 50. Rc8 h5 51. Kf2 Bb5 52. Rc5+ Kg6 53. h4
Be2 54. Rg5+ Kf7 55. Rg7+ Ke8 56. Bd4 Bd1 57. Ra7 Be2 58. Be3 Bg4 59. Ra8+ Kf7
60. Rb8 Kg6 61. Rh8 Kf5 62. Rd8 Kg6 63. Rd4 Kf7 64. Rb4 Kg6 65. Rc4 1/2-1/2

[Event "40th Olympiad Women"]
[Site "Istanbul TUR"]
[Date "2012.08.31"]
[Round "4.12"]
[Board "1"]
[White "Porat, Maya"]
[Black "Bulmaga, Irina"]
[Result "1-0"]
[WhiteTitle "WIM"]
[BlackTitle "WIM"]
[WhiteElo "2295"]
[BlackElo "2380"]
[WhiteTeam "Israel"]
[BlackTeam "Romania"]
[WhiteFideId "2808072"]
[BlackFideId "13903063"]
[EventDate "2012.08.28"]

1. d4 Nf6 2. c4 e6 3. Nf3 d5 4. Nc3 Be7 5. Bg5 h6 6. Bh4 O-O 7. e3 b6 8. Bxf6
Bxf6 9. cxd5 exd5 10. Be2 Be6 11. O-O c5 12. Qa4 a6 13. dxc5 bxc5 14. Rfd1 Ra7
15. e4 d4 16. e5 Be7 17. Ne4 Qd5 18. Ng3 Nc6 19. Bc4 Qxc4 20. Qxc6 Bd5 21. Nd2
Qxa2 22. Qb6 Rb7 23. Qxb7 Qxa1 24. Rxa1 Bxb7 25. Nf5 Re8 26. Nc4 Bd5 27. Nb6 Be6
28. Nxe7+ Rxe7 29. Rxa6 Rb7 30. Kf1 Kh7 31. Ke2 c4 32. Kd2 Kg6 33. Nxc4 Kh5 34.
Rb6 Ra7 35. Nd6 Ra1 36. g3 Bg4 37. Rb3 Rd1+ 38. Kc2 Be2 39. Ne4 d3+ 40. Kc3 Bf3
41. Nd2 Be2 42. Rb7 Kg6 43. b4 Rc1+ 44. Kd4 Rd1 45. Ke3 Re1 46. f4 f6 47. exf6
gxf6 48. b5 f5 49. b6 Bf1+ 50. Kd4 Bg2 51. Rb8 Kh5 52. Kxd3 Rh1 53. h4 Rh3 54.
Rg8 Bd5 55. Rg7 Rh1 56. b7 Bxb7 57. Rxb7 Rg1 58. Rg7 Rg2 59. Kc3 Rg1 60. Kd3 Rg2
61. Kc3 Rg1 62. Rf7 Rxg3+ 63. Kd4 Kg4 64. Nf1 Ra3 65. Ne3+ Kxf4 66. Rxf5+ Kg3
67. h5 Kh4 68. Ke4 Ra4+ 69. Kf3 Ra3 70. Kf4 Ra1 71. Rd5 Ra4+ 72. Kf3 Ra3 73. Rc5
Rb3 74. Ra5 Rc3 75. Kf4 Rb3 76. Nf5+ Kh3 77. Nxh6 Rb1 78. Ke4 1-0

[Event "40th Olympiad Women"]
[Site "Istanbul TUR"]
[Date "2012.08.31"]
[Round "4.12"]
[Board "2"]
[White "Cosma, Elena-Luminita"]
[Black "Efroimski, Marsel"]
[Result "1/2-1/2"]
[WhiteTitle "WGM"]
[BlackTitle "WIM"]
[WhiteElo "2352"]
[BlackElo "2174"]
[WhiteTeam "Romania"]
[BlackTeam "Israel"]
[WhiteFideId "1201590"]
[BlackFideId "2810964"]
[EventDate "2012.08.28"]

1. d4 Nf6 2. Nf3 g6 3. c4 d5 4. cxd5 Bg7 5. g3 Nxd5 6. Bg2 Nb6 7. Nc3 Nc6 8. d5
Bxc3+ 9. bxc3 Qxd5 10. O-O Qxd1 11. Rxd1 f6 12. a4 Na5 13. Ba3 Bd7 14. Nd4 Bxa4
15. Rdb1 Kf7 16. Bc5 e5 17. Bxb6 axb6 18. Bd5+ Ke7 19. Ne6 Bc6 20. Nxc7 Rac8 21.
Rxb6 Kd6 22. Rxa5 Kxc7 23. Rb2 Ra8 24. Rxa8 Rxa8 25. Ra2 Rd8 26. Bxc6 Kxc6 27.
Kg2 Rd1 28. Kf3 Rc1 29. Ra3 Kc5 30. Ke3 Kc4 31. Kd2 Rf1 32. f3 Rh1 33. Ra7 Rb1
34. Ra4+ Kd5 1/2-1/2

[Event "40th Olympiad Women"]
[Site "Istanbul TUR"]
[Date "2012.08.31"]
[Round "4.12"]
[Board "3"]
[White "Borsuk, Angela"]
[Black "L'Ami, Alina"]
[Result "1-0"]
[WhiteTitle "IM"]
[BlackTitle "WGM"]
[WhiteElo "2266"]
[BlackElo "2372"]
[WhiteTeam "Israel"]
[BlackTeam "Romania"]
[WhiteFideId "2806452"]
[BlackFideId "1210246"]
[EventDate "2012.08.28"]

1. d4 Nf6 2. c4 g6 3. Nc3 Bg7 4. e4 d6 5. Nf3 O-O 6. Be2 e5 7. O-O Nc6 8. Be3
Ng4 9. Bg5 f6 10. Bh4 g5 11. Bg3 Nh6 12. dxe5 fxe5 13. h3 Be6 14. c5 Nf7 15.
cxd6 Nxd6 16. Qd2 h6 17. Rad1 Qe8 18. Qc2 Qg6 19. Nb5 Nxb5 20. Bxb5 Rxf3 21.
Bxc6 Rxg3 22. Bd5 Bxd5 23. Rxd5 Rxg2+ 24. Kxg2 g4 25. Qe2 gxh3+ 26. Kxh3 Rf8 27.
Qg4 Qxg4+ 28. Kxg4 Rf4+ 29. Kh5 Rxe4 30. Rd7 Bf6 31. Kg6 Bg5 32. Rxc7 Kf8 33.
Rxb7 Ra4 34. Rd1 Ra6+ 35. Kh5 Ke8 36. Rdd7 Rf6 37. Rh7 Rf8 38. Rb8+ Bd8 39. Kxh6
e4 40. Kh5 a5 41. Kg4 a4 42. Ra7 Rxf2 43. Rxa4 e3 44. Re4+ Kd7 45. Rd4+ Kc7 46.
Rbxd8 1-0